000
00322nam a22001337a 4500
008
170320b xxu||||| |||| 00| 0 eng d
020
_a
0316467014
041
_a
eng
080
_a
616.8
100
_a
7
101
_a
shm
245
_a
CLINICAL MANAGEMENT OF NEUROGENIC COMMUNICATIVE DISORDERS
_c
HAYNES, S
942
_2
udc
_c
BK
999
_c
8093
_d
8093